000 00752cam a2200145 4500500
005 20251228091042.0
041 _afre
042 _adc
100 1 0 _aFaguer, Nicolas
_eauthor
245 0 0 _aCharles Péguy, Todos estamos en el frente. Textos de la obra en prosa escogidos por Hans Urs von Balthasar [Charles Péguy, Nous sommes tous sur le front. Textes en prose choisis par Hans Urs von Balthasar], Saint John Publications, 2023, texte gratuit, en version numérique uniquement.
260 _c2023.
500 _a52
786 0 _nBulletin de l’Amitié Charles Péguy | 179-180 | 3 | 2023-05-08 | p. 415-416 | 0180-8567
856 4 1 _uhttps://shs.cairn.info/revue-bulletin-de-lamitie-charles-peguy-2023-3-page-415?lang=fr&redirect-ssocas=7080
999 _c1603002
_d1603002